Born a crime : (Record no. 14380)
[ view plain ]
| 000 -LEADER | |
|---|---|
| fixed length control field | 00662nam a2200217 a 4500 |
| 001 - CONTROL NUMBER | |
| JCCL Control Number | 14380 |
| 003 - CONTROL NUMBER IDENTIFIER | |
| JCCL marc code | BD-JhCC |
| 005 - DATE AND TIME OF LATEST TRANSACTION | |
| control field | 20250907104626.0 |
| 008 - FIXED-LENGTH DATA ELEMENTS--GENERAL INFORMATION | |
| fixed length control field | 250907b2017 nyua|||| ||a| 001 0 eng d |
| 020 ## - INTERNATIONAL STANDARD BOOK NUMBER | |
| International Standard Book Number | 9781473635302 |
| 035 ## - SYSTEM CONTROL NUMBER | |
| system control number | (BD-JhCC)14380 |
| 040 ## - CATALOGING SOURCE | |
| Original cataloging agency | BD-JhCC |
| Modifying agency | BD-JhCC |
| 041 ## - LANGUAGE CODE | |
| Language code of Book | english |
| 082 ## - DEWEY DECIMAL CLASSIFICATION NUMBER | |
| Classification number | 968.06 |
| Author mark and Year | NOA 2017 |
| 100 ## - MAIN ENTRY--PERSONAL NAME | |
| Personal name | Noah,Trevor |
| 245 ## - TITLE STATEMENT | |
| Title | Born a crime : |
| Remainder of title | stories from a south african childhood / |
| Statement of responsibility, etc | Trevor Noah. |
| 260 ## - PUBLICATION, DISTRIBUTION, ETC. (IMPRINT) | |
| Place of publication, distribution, etc | London: |
| Name of publisher, distributor, etc | John Murray; |
| Date of publication, distribution, etc | 2017. |
| 300 ## - PHYSICAL DESCRIPTION | |
| Pagination | x, 288 p. : |
| Other physical details | ill; |
| Dimensions | 20 cm. |
| 650 ## - SUBJECT ADDED ENTRY--TOPICAL TERM | |
| Topical term or geographic name as entry element | Afrique du Sud Conditions sociales 1961-1994 |
| General subdivision | Afrique du Sud Conditions sociales 1994- |
| 942 ## - ADDED ENTRY ELEMENTS (KOHA) | |
| Source of classification or shelving scheme | Dewey Decimal Classification |
| Koha item type | Books |
| Source of classification or shelving scheme | Damaged status | Not for loan | Home library | Current library | Shelving location | Date of accession | Cost, normal purchase price | Total Checkouts | Full call number | Barcode | Checked out | Date last seen | Date checked out | Copy number | Method of acquisition | Koha item type | Currency |
|---|---|---|---|---|---|---|---|---|---|---|---|---|---|---|---|---|---|
| Dewey Decimal Classification | JCC Rouf Library | JCC Rouf Library | General Stacks | 998.00 | 2 | 968.06 NOA 2017 | 20241 | 02/18/2026 | 01/25/2026 | 01/25/2026 | C-1 | Purchase | Books | BDT | |||
| Dewey Decimal Classification | JCC Rouf Library | JCC Rouf Library | General Stacks | 998.00 | 1 | 968.06 NOA 2017 | 20242 | 11/19/2025 | 10/26/2025 | 10/26/2025 | C-2 | Purchase | Books | BDT |